Czy Jesteś Prawdziwym Kibicem Piłki Nożnej? - Wielki Test - Statystyki

Ogólne statystyki
  • Ten quiz został rozwiązany 1 004 razy
    918 od ostatniego zresetowania
  • Średni wynik to 12 z 30
Statystyki odpowiedzi
Wskazówka Odpowiedź % Poprawnych
Pierwsi Oficjalni Mistrzowie Świata (1930) Urugwaj
91%
Wprowadzona Przez FIFA W 1993 Zasada Polegała Na Zakończeniu Meczu Piłkarskiego W Dogrywce, Gdy Któraś Z Drużyn Zdobyła Bramkę Złota bramka
74%
Najlepszy Strzlec W Historii Mistrzostw Świata (26 Goli) Miroslav Klose
70%
Zakończył Karierę Czerwoną Kartką, Ikona Realu Madryt Zinédine Zidane
70%
Najczęstszy Mistrz Szkocji (54) Glasgow Rangers
59%
Najczęstszy Mistrz Polski (14) (4 WM) Górnik Zabrze
58%
Klub W Którym David Beckham Zakończył Karierę Piłkarską Paris Saint-Germain
56%
Najczęstszy Mistrz Polski (14) (6 WM) Ruch Chorzów
56%
Inna Polska Nazwa Pucharu Hiszpanii (Copa del Rey) Puchar Króla
54%
Legenda Realu Madryt, Kapitan Swojej Reprezentacji, Jego Nazwiskiem Została Nazwana Nagroda Za Najpiękniejsze Trafienie Roku (Od 2009) Ferenc Puskás
53%
Pierwsi Oficjalni Mistrzowie Europy (1960) ZSRR
52%
Niezrzeszona W FIFA Oraz W UEFA Reprezentacja W Której Grali M.in. Puyol i Stoiczkow Katalonia
51%
Pisana Zasada Gry W Piłkę Nożną, Nie Obowiązująca Przy Wyrzucie Piłki Z Autu Spalony
46%
Jedna Z Ikon Futbolu, Zwolennik Polityki Fidela Castro, Hugo Chaveza Czy Władimira Putina Diego Maradona
42%
Byli W 3 Finałach Ligi Mistrzów, Nie Wygrali Żadnego Atlético Madryt
41%
Najlepszy Strzelec Hiszpańskiej Drużyny Narodowej W Historii (59) David Villa
40%
Holenderski Piłkarz, Trener, Czterokrotny Zdobywca Pucharu Europy Johan Cruyff
38%
Stadion Leicester City King Power Stadium
33%
Wcześniej Nazywali Się Newton Heath, W 1902 Zmienili Nazwę Manchester United
31%
Konfederacja Do Której Należą Reprezentacje USA, Meksyku Czy Kanady (Jedna Z Sześciu) CONCACAF
29%
Pierwszy Laureat Złotej Piłki w XXI Wieku (2001) Michael Owen
24%
Siedziba Międzynarodowej Federacja Piłki Nożnej (FIFA) (Miasto) Zurych
23%
Jeden Z Jego Cytatów To: "Gdybym Urodził Się Brzydki, Nigdy Nie Usłyszelibyście O Pelé", Znany Ze Swojego Zabawowego Stylu Życia George Best
22%
Najwięcej Występów W Pucharze Konfederacji (Oprócz Brazylii) (7) Meksyk
22%
Do 1949 Grała Tam Niemal Cała Włoska Drużyna Narodowa, Dni Chwały Przerwała Katastrofa Lotnicza Torino FC
22%
Stadion Wybudowany Z 2 874 Foliowych Poduszek Napełnionych Suchym Powietrzem, Drugi Pod Względem Pojemności W Swoim Kraju (75 024) Allianz Arena
13%
Rozegrał Najwięcej Meczów Na Mundialach (25) Lothar Matthäus
12%
Gest Fair Play Polegający Na Przerwaniu Własnej Akcji Przez Wybicie Piłki Poza Linię Boczną Lub Końcową W Celu Umożliwienia Udzielenia Pomocy Medycznej Gest Garrinchy
9%
Pierwszy Lauerat Złotej Piłki (1956) Stanley Matthews
8%
Pierwszy Gospodarz Pucharu Kofederacji (1992 lub 1997) Arabia Saudyjska
6%
Nie znaleziono quizów pasujących do podanych kryteriów
Rozkład punktacji
Procent ludzi z każdym wynikiem
Percentyl według liczby udzielonych odpowiedzi
Twoja historia wyników
Nie rozwiązałeś tego quizu od ostatniego zresetowania